学校組合が運営する学校 - Statistics

General Stats
  • This quiz has been taken 11 times
  • The average score is 8 of 36
Answer Stats
設置者 Answer % Correct
釧路公立大学事務組合 釧路公立大学
56%
高知県宿毛市愛媛県南宇和郡愛南町篠山小中学校組合 篠山小学校
56%
高知県宿毛市愛媛県南宇和郡愛南町篠山小中学校組合 篠山中学校
56%
利根沼田学校組合 利根商業高等学校
44%
河口湖南中学校組合 河口湖南中学校
44%
川西町・三宅町式下中学校組合 式下中学校
44%
布施学校組合 布施小学校
33%
小海町北相木村南相木村中学校組合 小海中学校
33%
諏訪広域公立大学事務組合 公立諏訪東京理科大学
33%
揖斐郡養基小学校養基保育所組合 養基小学校
33%
大垣市・安八郡安八町東安中学校組合 東安中学校
33%
氷川町及び八代市中学校組合 氷川中学校
33%
辰野町塩尻市小学校組合 両小野小学校
22%
塩尻市辰野町中学校組合 両小野中学校
22%
御前崎市牧之原市学校組合 御前崎中学校
22%
南あわじ市・洲本市小中学校組合 広田小学校
22%
南あわじ市・洲本市小中学校組合 広田中学校
22%
播磨高原広域事務組合 播磨高原東小学校
22%
播磨高原広域事務組合 播磨高原東中学校
22%
香川県三豊市観音寺市学校組合 三豊中学校
22%
日高村佐川町学校組合 加茂小学校
22%
日高村佐川町学校組合 加茂中学校
22%
吉富町他一市中学校組合 吉冨中学校
22%
上田市長和町中学校組合 依田窪南部中学校
11%
美濃加茂市富加町中学校組合 双葉中学校
11%
牧之原市菊川市学校組合 牧之原小学校
11%
牧之原市菊川市学校組合 牧之原中学校
11%
三重県多気郡多気町松阪市学校組合 多気中学校
11%
与謝野町宮津市中学校組合 橋立中学校
11%
御坊市日高川町中学校組合 大成中学校
11%
古賀高等学校組合 古賀竟成館高等学校
11%
松本市・山形村・朝日村中学校組合 鉢盛中学校
0%
可児市・御嵩町中学校組合 共和中学校
0%
米子市日吉津村中学校組合 箕蚊屋中学校
0%
岡山市笠岡市・矢掛町中学校組合 小北中学校
0%
久留米市他三町高等学校組合 三井中央高等学校
0%
No matching quizzes found
Score Distribution
Percent of People with Each Score
Percentile by Number Answered
Your Score History
You have not taken this quiz